LEADER 01168nas 2200373 450 001 990003483480203316 005 20110207114911.0 011 $a0005-8580 035 $a000348348 035 $aUSA01000348348 035 $a(ALEPH)000348348USA01 035 $a000348348 100 $a20110114a----9999km-y-itay50------ba 101 0 $aeng 102 $aUS 110 $aafazz--|||| 200 1 $a<> Bell system technical journal$fAmerican Telephone and Telegraph Company 210 $aNew York$cAmerican Telephone and Telegraph Company 215 $av.$cill.$d24 cm 300 $aComincia nel 1922 300 $aDescrizione basata su Vol.56, n.1(1977); 326 $aMensile 606 0 $aCircuiti integrati$xPeriodici$2BNCF 676 $a621.3805 712 02$aAmerican Telephone and Telegraph Company 801 0$aIT$bsalbc$gISBD 912 $a990003483480203316 958 $aSCI$bPER II$c1973-1977;$l1977; 959 $aSE 979 $aCIANATIEMP$b90$c20110114$lUSA01$h1210 979 $aCIANATIEMP$b90$c20110126$lUSA01$h1511 979 $aCIANATIEMP$b90$c20110207$lUSA01$h1149 996 $aBell system technical journal$9799528 997 $aUNISA LEADER 01195nam 2200385 450 001 9910555180503321 005 20230814223311.0 010 $a1-119-52767-8 010 $a1-119-52764-3 010 $a1-119-42217-5 035 $a(CKB)4100000005183211 035 $a(MiAaPQ)EBC5478982 035 $a(EXLCZ)994100000005183211 100 $a20180824d2018 uy 0 101 0 $aeng 135 $aurcnu|||||||| 181 $ctxt$2rdacontent 182 $cc$2rdamedia 183 $acr$2rdacarrier 200 10$aInnovation systems in emerging economies $eMINT - Mexico, Indonesia, Nigeria, Turkey /$fVanessa Casadella 210 1$aLondon :$cISTE ;$aHoboken, NJ :$cWiley,$d[2018] 210 4$dİ2018 215 $a1 online resource (179 pages) 311 $a1-78630-190-3 606 $aTechnological innovations$xEconomic aspects$zDeveloping countries 615 0$aTechnological innovations$xEconomic aspects 676 $a338.064091724 700 $aCasadella$b Vanessa$0852684 801 0$bMiAaPQ 801 1$bMiAaPQ 801 2$bMiAaPQ 906 $aBOOK 912 $a9910555180503321 996 $aInnovation systems in emerging economies$92817430 997 $aUNINA